00501nam a2200193 a 4500001001300000003000900013005001700022008004100039020002300080082001500103100002300118245002100141260004000162300000900202500003500211505001700246650002100263700002300284nice12345678IN_TiNIC20260116014346.0100308s2010 newa grp 000 0 eng  a9788189983277c50000a155.4bSIN aSingh, Sinku Kumar aChild Psychology aNew Delhi bKsk Pubs & Disbs c2010 a257p aincludes index and biblioraphy2 aBibliography aPsychology-Child1 aSingh, Sinku Kumar